[Event "DVM U20 2015"]
[Site "Osnabrück GER"]
[Date "2015.12.30"]
[Round "7"]
[White "Heinke, Jasper"]
[Black "Birnkraut, Tim"]
[Result "0-1"]
[Termination "normal"]
[Board "8.3"]
[WhiteElo "1932"]
[BlackElo "1892"]
[WhiteTeam "SV Empor Erfurt"]
[BlackTeam "SF Brackel 1930"]
[PlyCount "54"]
[WhiteFideId "12976466"]
[BlackFideId "24609587"]
[EventCountry "GER"]
[EventRounds "7"]
[EventType "team-swiss"]
[EventDate "2015.12.26"]

1. d4 d5 2. c4 e6 3. Nc3 c6 4. e4 dxe4 5. Nxe4 Nf6 6. Nxf6+ Qxf6 7. Nf3 Bb4+ 8.
Bd2 Bxd2+ 9. Qxd2 O-O 10. Bd3 h6 11. O-O Nd7 12. Rfe1 c5 13. d5 exd5 14. cxd5
Qd6 15. Rad1 Nf6 16. Ne5 Bd7 17. Bf1 Rfe8 18. Nc4 Qf8 19. d6 Re6 20. Ne5 Rae8
21. f4 b5 22. h4 a6 23. a4 Rb8 24. g3 Rb6 25. Qe3 Rxe5 26. Qxe5 Rxd6 27. Rxd6
Qxd6 0-1

[Event "DVM U20 2015"]
[Site "Osnabrück GER"]
[Date "2015.12.30"]
[Round "7"]
[White "Stemmler, Fabian"]
[Black "Streichardt, Niklas"]
[Result "1-0"]
[Termination "normal"]
[Board "8.4"]
[WhiteElo "1952"]
[BlackElo "1870"]
[WhiteTeam "SF Brackel 1930"]
[BlackTeam "SV Empor Erfurt"]
[PlyCount "79"]
[WhiteFideId "12964808"]
[BlackFideId "12962643"]
[EventCountry "GER"]
[EventRounds "7"]
[EventType "team-swiss"]
[EventDate "2015.12.26"]

1. e4 e5 2. Nf3 Nc6 3. Bc4 Bc5 4. b4 Bxb4 5. c3 Be7 6. d4 d6 7. Qb3 Na5 8.
Bxf7+ Kf8 9. Qa4 c6 10. Bxg8 Kxg8 11. dxe5 dxe5 12. Nxe5 b5 13. Qc2 Bf6 14. Nf3
Bg4 15. Nbd2 Qe7 16. O-O Re8 17. Re1 Qc5 18. Bb2 g6 19. e5 Bd8 20. Ne4 Qf8 21.
Nd6 Bf5 22. Nxf5 gxf5 23. Bc1 Re6 24. Nd4 Rg6 25. Qxf5 Qg7 26. g3 h6 27. Ne6
Qf7 28. Qxf7+ Kxf7 29. Nf4 Rgg8 30. Be3 a6 31. e6+ Ke8 32. Nh5 Rg6 33. Bd4 Rf8
34. Ng7+ Rxg7 35. Bxg7 Rf3 36. Rad1 Bb6 37. e7 Nc4 38. Bd4 Bc7 39. Re4 Na5 40.
Bf6 1-0

[Event "DVM U20 2015"]
[Site "Osnabrück GER"]
[Date "2015.12.30"]
[Round "7"]
[White "Dietrich, Mareike"]
[Black "Schwiddessen, Jan"]
[Result "0-1"]
[Termination "normal"]
[Board "8.5"]
[WhiteElo "1740"]
[BlackElo "1859"]
[WhiteTeam "SV Empor Erfurt"]
[BlackTeam "SF Brackel 1930"]
[PlyCount "52"]
[WhiteFideId "12902470"]
[BlackFideId "1270631"]
[EventCountry "GER"]
[EventRounds "7"]
[EventType "team-swiss"]
[EventDate "2015.12.26"]

1. e4 c5 2. Nf3 d6 3. d4 cxd4 4. Nxd4 Nf6 5. Nc3 a6 6. Bg5 Nbd7 7. f4 h6 8. Bh4
e6 9. Qf3 Be7 10. O-O-O Qc7 11. g4 b5 12. Bxf6 Nxf6 13. Bg2 Bb7 14. a3 Rc8 15.
h4 e5 16. Nf5 Bxe4 17. Qe2 Bxf5 18. gxf5 O-O 19. Rhe1 Rfe8 20. Nd5 Nxd5 21.
Rxd5 Bxh4 22. fxe5 Bxe1 23. e6 fxe6 24. fxe6 Kh8 25. Bh3 Qc4 26. Qg2 Qa2 0-1

[Event "DVM U16 2015"]
[Site "Lingen (Ems) GER"]
[Date "2015.12.27"]
[Round "1"]
[White "Kreyssig, Bruno"]
[Black "Fieberg, Samuel"]
[Result "0-1"]
[Termination "normal"]
[Board "1.1"]
[WhiteElo "2049"]
[BlackElo "2226"]
[WhiteClock "00:05:00"]
[BlackClock "00:34:37"]
[WhiteTeam "SG Leipzig"]
[BlackTeam "SG Porz"]
[PlyCount "75"]
[WhiteFideId "4692489"]
[BlackFideId "12901717"]
[EventCountry "GER"]
[EventRounds "7"]
[EventType "team-swiss"]
[EventDate "2015.12.26"]

1. e4 {[%clk 1:30:58]} c5 {[%clk 1:30:55]} 2. Nf3 {[%clk 1:31:22]} Nc6 {[%clk
1:31:19]} 3. d4 {[%clk 1:31:43]} cxd4 {[%clk 1:31:42]} 4. Nxd4 {[%clk 1:32:07]}
e5 {[%clk 1:32:08]} 5. Nb5 {[%clk 1:30:17]} a6 {[%clk 1:32:33]} 6. Nd6+ {[%clk
1:30:24]} Bxd6 {[%clk 1:32:56]} 7. Qxd6 {[%clk 1:30:49]} Qe7 {[%clk 1:33:22]}
8. Qc7 {[%clk 1:28:34]} d5 {[%clk 1:33:43]} 9. Qxe7+ {[%clk 1:21:34]} Ngxe7
{[%clk 1:34:06]} 10. Bd3 {[%clk 1:18:36]} Be6 {[%clk 1:28:05]} 11. O-O {[%clk
1:14:57]} Rc8 {[%clk 1:26:48]} 12. c3 {[%clk 1:09:45]} O-O {[%clk 1:26:39]} 13.
Nd2 {[%clk 1:04:01]} d4 {[%clk 1:19:07]} 14. cxd4 {[%clk 0:58:34]} Nxd4 {[%clk
1:19:19]} 15. b3 {[%clk 0:58:07]} Rfd8 {[%clk 1:17:40]} 16. Bc4 {[%clk
0:54:41]} b5 {[%clk 0:58:29]} 17. Bxe6 {[%clk 0:48:46]} Ne2+ {[%clk 0:55:33]}
18. Kh1 {[%clk 0:49:05]} Rxc1 {[%clk 0:55:50]} 19. Raxc1 {[%clk 0:49:19]} Nxc1
{[%clk 0:56:15]} 20. Rxc1 {[%clk 0:49:38]} Rxd2 {[%clk 0:56:33]} 21. Bd5 {[%clk
0:47:13]} Rxa2 {[%clk 0:53:12]} 22. g3 {[%clk 0:44:43]} Kf8 {[%clk 0:53:01]}
23. Bb7 {[%clk 0:43:55]} Ke8 {[%clk 0:46:32]} 24. Kg2 {[%clk 0:42:53]} Kd7
{[%clk 0:46:43]} 25. Rc3 {[%clk 0:35:28]} Kd6 {[%clk 0:45:56]} 26. Kf3 {[%clk
0:33:48]} a5 {[%clk 0:44:33]} 27. Ke3 {[%clk 0:29:41]} Ra3 {[%clk 0:40:53]} 28.
Ba6 {[%clk 0:22:00]} a4 {[%clk 0:36:12]} 29. Rd3+ {[%clk 0:17:29]} Kc6 {[%clk
0:36:30]} 30. bxa4 {[%clk 0:16:41]} Rxa4 {[%clk 0:36:41]} 31. Rc3+ {[%clk
0:17:05]} Kb6 {[%clk 0:36:56]} 32. Bc8 {[%clk 0:17:15]} Nc6 {[%clk 0:35:50]}
33. Bd7 {[%clk 0:10:43]} Nd4 {[%clk 0:36:04]} 34. Be8 {[%clk 0:11:05]} Ra2
{[%clk 0:34:17]} 35. f4 {[%clk 0:07:11]} f6 {[%clk 0:34:33]} 36. fxe5 {[%clk
0:04:41]} fxe5 {[%clk 0:34:53]} 37. h4 {[%clk 0:05:00]} Rg2 {[%clk 0:34:37]}
38. Kxd4 0-1

[Event "DVM U16 2015"]
[Site "Lingen (Ems) GER"]
[Date "2015.12.27"]
[Round "1"]
[White "Ramien, David"]
[Black "Hofmann, Timo"]
[Result "1/2-1/2"]
[Termination "normal"]
[Board "1.2"]
[WhiteElo "2140"]
[BlackElo "1776"]
[WhiteClock "00:21:07"]
[BlackClock "00:04:47"]
[WhiteTeam "SG Porz"]
[BlackTeam "SG Leipzig"]
[PlyCount "72"]
[WhiteFideId "12948241"]
[BlackFideId "12946044"]
[EventCountry "GER"]
[EventRounds "7"]
[EventType "team-swiss"]
[EventDate "2015.12.26"]

1. Nf3 {[%clk 1:30:57]} Nf6 {[%clk 1:30:53]} 2. g3 {[%clk 1:31:22]} g6 {[%clk
1:31:14]} 3. Bg2 {[%clk 1:31:47]} Bg7 {[%clk 1:31:39]} 4. d4 {[%clk 1:32:07]}
O-O {[%clk 1:31:59]} 5. O-O {[%clk 1:32:23]} d6 {[%clk 1:32:20]} 6. c4 {[%clk
1:32:44]} Nbd7 {[%clk 1:32:05]} 7. Nc3 {[%clk 1:33:08]} c6 {[%clk 1:30:31]} 8.
e4 {[%clk 1:32:43]} e5 {[%clk 1:30:24]} 9. h3 {[%clk 1:32:53]} Qb6 {[%clk
1:29:45]} 10. dxe5 {[%clk 1:11:40]} dxe5 {[%clk 1:27:08]} 11. Qc2 {[%clk
1:11:31]} Qc7 {[%clk 1:18:02]} 12. Be3 {[%clk 1:09:56]} b6 {[%clk 1:13:27]} 13.
Rfd1 {[%clk 1:07:43]} Bb7 {[%clk 1:07:30]} 14. Rd2 {[%clk 1:03:36]} Rfd8 {[%clk
1:01:44]} 15. Rad1 {[%clk 1:03:26]} h6 {[%clk 0:48:10]} 16. b4 {[%clk 0:58:56]}
Ne8 {[%clk 0:44:10]} 17. b5 Nf8 {[%clk 0:41:32]} 18. bxc6 {[%clk 0:53:15]} Bxc6
{[%clk 0:40:58]} 19. Nd5 {[%clk 0:40:53]} Bxd5 {[%clk 0:37:32]} 20. cxd5 {[%clk
0:40:20]} Qxc2 {[%clk 0:36:11]} 21. Rxc2 {[%clk 0:40:48]} Nd6 {[%clk 0:34:48]}
22. Nd2 {[%clk 0:39:33]} f5 {[%clk 0:28:00]} 23. Rdc1 {[%clk 0:37:57]} Nd7
{[%clk 0:25:24]} 24. f3 {[%clk 0:33:45]} Nf6 {[%clk 0:21:11]} 25. a4 {[%clk
0:29:32]} Rac8 {[%clk 0:18:07]} 26. Rc6 {[%clk 0:27:50]} Nfe8 {[%clk 0:15:58]}
27. Bf1 {[%clk 0:27:23]} Rxc6 {[%clk 0:14:13]} 28. Rxc6 {[%clk 0:26:14]} Rc8
{[%clk 0:14:03]} 29. Ba6 {[%clk 0:23:11]} Rxc6 {[%clk 0:12:38]} 30. dxc6 {[%clk
0:23:40]} Nc7 {[%clk 0:11:50]} 31. Bb7 {[%clk 0:23:54]} Kf7 {[%clk 0:09:22]}
32. a5 {[%clk 0:23:50]} bxa5 {[%clk 0:08:55]} 33. Bxa7 {[%clk 0:23:49]} Ndb5
{[%clk 0:06:59]} 34. Bb6 {[%clk 0:23:46]} a4 {[%clk 0:06:51]} 35. Nc4 {[%clk
0:23:31]} Ke6 {[%clk 0:05:40]} 36. Kf2 {[%clk 0:21:07]} Bf8 {[%clk 0:04:47]} *

[Event "DVM U16 2015"]
[Site "Lingen (Ems) GER"]
[Date "2015.12.27"]
[Round "1"]
[White "Faßhauer, Jacob"]
[Black "Kagan, Dennis"]
[Result "0-1"]
[Termination "normal"]
[Board "1.3"]
[WhiteElo "1719"]
[BlackElo "2009"]
[WhiteClock "01:07:20"]
[BlackClock "00:49:02"]
[WhiteTeam "SG Leipzig"]
[BlackTeam "SG Porz"]
[PlyCount "26"]
[WhiteFideId "12990167"]
[BlackFideId "12983578"]
[EventCountry "GER"]
[EventRounds "7"]
[EventType "team-swiss"]
[EventDate "2015.12.26"]

1. e4 {[%clk 1:30:57]} c5 {[%clk 1:30:51]} 2. Nc3 {[%clk 1:31:23]} Nc6 {[%clk
1:30:40]} 3. g3 {[%clk 1:31:48]} g6 {[%clk 1:30:11]} 4. Bg2 {[%clk 1:32:07]}
Bg7 {[%clk 1:30:31]} 5. d3 {[%clk 1:32:20]} d6 {[%clk 1:29:40]} 6. Nh3 {[%clk
1:32:25]} Nf6 {[%clk 1:24:34]} 7. O-O O-O {[%clk 1:23:39]} 8. f4 {[%clk
1:32:30]} Nd4 {[%clk 1:12:43]} 9. Nf2 {[%clk 1:30:12]} Rb8 {[%clk 1:06:20]} 10.
Nd5 {[%clk 1:10:23]} Nxd5 {[%clk 0:59:16]} 11. exd5 {[%clk 1:10:23]} h5 {[%clk
0:54:57]} 12. c3 {[%clk 1:07:27]} Nf5 {[%clk 0:52:49]} 13. Ne4 {[%clk 1:07:20]}
b5 {[%clk 0:49:02]} *

[Event "DVM U16 2015"]
[Site "Lingen (Ems) GER"]
[Date "2015.12.27"]
[Round "1"]
[White "Niesel, Tobias"]
[Black "Knüpfer, Tim"]
[Result "1/2-1/2"]
[Termination "normal"]
[Board "1.4"]
[WhiteElo "1941"]
[BlackElo "1592"]
[WhiteClock "00:10:45"]
[BlackClock "00:07:50"]
[WhiteTeam "SG Porz"]
[BlackTeam "SG Leipzig"]
[PlyCount "67"]
[WhiteFideId "12962155"]
[BlackFideId "16217489"]
[EventCountry "GER"]
[EventRounds "7"]
[EventType "team-swiss"]
[EventDate "2015.12.26"]

1. b3 {[%clk 1:30:56]} d5 {[%clk 1:29:30]} 2. Bb2 {[%clk 1:31:06]} e6 {[%clk
1:29:03]} 3. e3 {[%clk 1:30:47]} Nf6 {[%clk 1:29:20]} 4. Nf3 {[%clk 1:26:29]}
Bd6 {[%clk 1:23:31]} 5. Be2 {[%clk 1:25:13]} c5 {[%clk 1:18:39]} 6. c4 {[%clk
1:21:26]} dxc4 {[%clk 1:11:46]} 7. bxc4 {[%clk 1:21:06]} O-O {[%clk 1:10:56]}
8. O-O {[%clk 1:20:42]} b6 {[%clk 1:10:15]} 9. Ne5 {[%clk 1:14:38]} Qc7 {[%clk
1:04:25]} 10. f4 {[%clk 1:13:25]} Bb7 {[%clk 0:53:49]} 11. Bf3 {[%clk 1:11:25]}
Bxf3 {[%clk 0:52:58]} 12. Qxf3 {[%clk 1:09:43]} Nbd7 {[%clk 0:49:14]} 13. Nxd7
{[%clk 1:07:19]} Qxd7 {[%clk 0:48:29]} 14. e4 {[%clk 1:05:43]} Be7 {[%clk
0:46:35]} 15. e5 {[%clk 1:05:58]} Ne8 {[%clk 0:46:53]} 16. Qxa8 {[%clk
1:06:19]} Nd6 {[%clk 0:44:33]} 17. Qf3 {[%clk 1:06:16]} Nxc4 {[%clk 0:43:37]}
18. Bc3 {[%clk 1:05:19]} b5 {[%clk 0:43:30]} 19. d3 {[%clk 1:04:46]} Nb6 {[%clk
0:43:29]} 20. Kh1 {[%clk 0:58:13]} b4 {[%clk 0:43:05]} 21. Bb2 {[%clk 0:51:58]}
Na4 {[%clk 0:42:56]} 22. Qe2 {[%clk 0:51:58]} Nxb2 {[%clk 0:40:01]} 23. Qxb2
{[%clk 0:52:17]} Qxd3 {[%clk 0:40:27]} 24. Nd2 {[%clk 0:50:21]} c4 {[%clk
0:37:53]} 25. Nf3 {[%clk 0:38:36]} c3 {[%clk 0:32:03]} 26. Qb3 {[%clk 0:37:08]}
Qe4 {[%clk 0:22:54]} 27. Ng5 {[%clk 0:25:57]} Qc6 {[%clk 0:16:16]} 28. Qc2
{[%clk 0:25:00]} Bxg5 {[%clk 0:15:46]} 29. fxg5 {[%clk 0:25:22]} a5 {[%clk
0:16:12]} 30. Rad1 {[%clk 0:18:23]} a4 {[%clk 0:12:05]} 31. Qf2 {[%clk
0:18:25]} Qc7 {[%clk 0:11:29]} 32. Qc2 {[%clk 0:14:56]} Qa5 {[%clk 0:09:03]}
33. Rf3 {[%clk 0:14:18]} Rc8 {[%clk 0:07:50]} 34. Rfd3 {[%clk 0:10:45]} *

[Event "DVM U16 2015"]
[Site "Lingen (Ems) GER"]
[Date "2015.12.27"]
[Round "1"]
[White "Ehmann, Thilo"]
[Black "Bauer, Björn-Benny"]
[Result "1-0"]
[Termination "normal"]
[Board "2.1"]
[WhiteElo "2211"]
[BlackElo "2065"]
[WhiteClock "00:24:45"]
[BlackClock "00:27:09"]
[WhiteTeam "SF Sasbach"]
[BlackTeam "SK Gau-Algesheim"]
[PlyCount "82"]
[WhiteFideId "12940968"]
[BlackFideId "24698741"]
[EventCountry "GER"]
[EventRounds "7"]
[EventType "team-swiss"]
[EventDate "2015.12.26"]

1. e4 {[%clk 1:30:59]} c5 {[%clk 1:30:55]} 2. Nf3 {[%clk 1:31:27]} Nc6 {[%clk
1:31:20]} 3. d4 {[%clk 1:31:55]} cxd4 {[%clk 1:31:45]} 4. Nxd4 {[%clk 1:32:21]}
Nf6 {[%clk 1:32:08]} 5. Nc3 {[%clk 1:32:49]} e5 {[%clk 1:32:32]} 6. Ndb5 {[%clk
1:33:17]} d6 {[%clk 1:32:56]} 7. Bg5 {[%clk 1:33:44]} a6 {[%clk 1:33:23]} 8.
Na3 {[%clk 1:34:13]} b5 {[%clk 1:33:48]} 9. Nd5 {[%clk 1:34:40]} Be7 {[%clk
1:34:13]} 10. Bxf6 {[%clk 1:35:07]} Bxf6 {[%clk 1:34:38]} 11. c3 {[%clk
1:35:35]} Ne7 {[%clk 1:34:31]} 12. Nxf6+ {[%clk 1:36:00]} gxf6 {[%clk 1:34:56]}
13. Be2 {[%clk 1:36:20]} f5 {[%clk 1:31:46]} 14. exf5 {[%clk 1:36:16]} Bxf5
{[%clk 1:31:58]} 15. Nc2 {[%clk 1:35:16]} O-O {[%clk 1:27:46]} 16. O-O {[%clk
1:35:34]} Rb8 {[%clk 1:15:25]} 17. Bf3 {[%clk 1:27:48]} Be6 {[%clk 1:13:44]}
18. Qd2 {[%clk 1:27:51]} Kh8 {[%clk 1:07:11]} 19. Rfd1 {[%clk 1:22:24]} Rb6
{[%clk 1:07:25]} 20. Qe2 {[%clk 1:14:23]} Rg8 {[%clk 0:59:36]} 21. Nb4 {[%clk
1:08:15]} Ng6 {[%clk 0:38:27]} 22. g3 {[%clk 1:04:10]} Nh4 {[%clk 0:29:55]} 23.
Be4 {[%clk 1:04:16]} Bg4 {[%clk 0:29:23]} 24. Qe3 {[%clk 0:52:11]} Bxd1 {[%clk
0:29:06]} 25. Rxd1 {[%clk 0:52:37]} f5 {[%clk 0:25:37]} 26. Bc2 {[%clk
0:52:22]} f4 {[%clk 0:23:28]} 27. Qe4 {[%clk 0:52:39]} Ng6 {[%clk 0:23:17]} 28.
Nd5 {[%clk 0:45:42]} Rb8 {[%clk 0:21:44]} 29. Nb4 {[%clk 0:46:08]} Qb6 {[%clk
0:17:45]} 30. Nc6 {[%clk 0:43:37]} Rbf8 {[%clk 0:17:45]} 31. Rd2 {[%clk
0:43:21]} Rg7 {[%clk 0:14:26]} 32. g4 {[%clk 0:39:44]} Rf6 {[%clk 0:07:14]} 33.
Bb3 {[%clk 0:39:05]} Nf8 {[%clk 0:05:52]} 34. h3 {[%clk 0:34:54]} Nd7 {[%clk
0:06:18]} 35. Qd5 {[%clk 0:33:09]} Nc5 {[%clk 0:06:28]} 36. Bc2 {[%clk
0:32:33]} a5 {[%clk 0:03:36]} 37. b4 {[%clk 0:28:32]} axb4 {[%clk 0:03:50]} 38.
cxb4 {[%clk 0:28:56]} Nd7 {[%clk 0:03:10]} 39. Bb3 {[%clk 0:28:39]} Nf8 {[%clk
0:00:50]} 40. Kf1 {[%clk 0:28:15]} Ng6 {[%clk 0:00:47]} 41. g5 {[%clk 0:24:45]}
Rf8 {[%clk 0:27:09]} *

[Event "DVM U16 2015"]
[Site "Lingen (Ems) GER"]
[Date "2015.12.27"]
[Round "1"]
[White "Grieb, Lukas"]
[Black "Riehle, Marco"]
[Result "0-1"]
[Termination "normal"]
[Board "2.2"]
[WhiteElo "1853"]
[BlackElo "2171"]
[WhiteClock "00:35:36"]
[BlackClock "00:38:39"]
[WhiteTeam "SK Gau-Algesheim"]
[BlackTeam "SF Sasbach"]
[PlyCount "80"]
[WhiteFideId "1271993"]
[BlackFideId "12904392"]
[EventCountry "GER"]
[EventRounds "7"]
[EventType "team-swiss"]
[EventDate "2015.12.26"]

1. e4 {[%clk 1:30:58]} e5 {[%clk 1:30:45]} 2. Nf3 {[%clk 1:31:15]} Nf6 {[%clk
1:30:56]} 3. Nc3 {[%clk 1:31:08]} Nc6 {[%clk 1:31:22]} 4. Bb5 {[%clk 1:31:23]}
Bc5 {[%clk 1:30:46]} 5. O-O {[%clk 1:31:10]} d6 {[%clk 1:29:54]} 6. d4 {[%clk
1:28:56]} exd4 {[%clk 1:28:31]} 7. Nxd4 {[%clk 1:29:15]} Bd7 {[%clk 1:28:04]}
8. Nb3 {[%clk 1:20:01]} Bb6 {[%clk 1:27:26]} 9. Bg5 {[%clk 1:15:01]} h6 {[%clk
1:25:42]} 10. Bh4 {[%clk 1:14:07]} a6 {[%clk 1:17:26]} 11. Be2 {[%clk 1:11:00]}
Be6 {[%clk 1:14:35]} 12. Kh1 {[%clk 1:08:02]} g5 {[%clk 1:09:41]} 13. Bg3
{[%clk 1:08:04]} h5 {[%clk 1:09:23]} 14. f4 {[%clk 1:05:10]} h4 {[%clk
1:08:30]} 15. Bf2 {[%clk 1:05:27]} Bxf2 {[%clk 1:07:40]} 16. Rxf2 {[%clk
1:05:51]} g4 {[%clk 1:07:52]} 17. f5 {[%clk 1:02:00]} Bxb3 {[%clk 1:06:00]} 18.
axb3 {[%clk 1:00:53]} Ne5 {[%clk 0:59:53]} 19. Ra5 {[%clk 0:57:34]} g3 {[%clk
0:58:18]} 20. Rf4 {[%clk 0:57:32]} Qe7 {[%clk 0:47:06]} 21. h3 {[%clk 0:54:53]}
O-O-O {[%clk 0:43:48]} 22. Qd2 {[%clk 0:47:14]} Nc6 {[%clk 0:42:13]} 23. Ra4
{[%clk 0:46:58]} Rhe8 {[%clk 0:39:23]} 24. Nd5 {[%clk 0:44:09]} Nxd5 {[%clk
0:38:59]} 25. Qxd5 {[%clk 0:44:29]} Qe5 {[%clk 0:38:10]} 26. Qxe5 {[%clk
0:40:33]} dxe5 {[%clk 0:38:36]} 27. Rf1 {[%clk 0:40:17]} Rd2 {[%clk 0:38:39]}
28. Bd3 {[%clk 0:40:36]} Rd8 {[%clk 0:37:44]} 29. Raa1 {[%clk 0:39:39]} Nd4
{[%clk 0:37:56]} 30. Rad1 {[%clk 0:39:40]} Nxb3 {[%clk 0:38:18]} 31. Rxd2
{[%clk 0:39:24]} Nxd2 {[%clk 0:38:43]} 32. Re1 {[%clk 0:39:36]} f6 {[%clk
0:38:43]} 33. Kg1 {[%clk 0:38:05]} Nb3 {[%clk 0:38:37]} 34. Kf1 {[%clk
0:36:58]} Nc5 {[%clk 0:38:28]} 35. Ke2 {[%clk 0:36:58]} Rd4 {[%clk 0:38:47]}
36. Ke3 {[%clk 0:36:33]} b5 {[%clk 0:38:53]} 37. Rd1 {[%clk 0:36:03]} Nxe4
{[%clk 0:38:07]} 38. c3 {[%clk 0:36:04]} Nf2 {[%clk 0:37:50]} 39. cxd4 {[%clk
0:36:08]} Nxd1+ {[%clk 0:38:15]} 40. Kd2 {[%clk 0:35:36]} Nxb2 {[%clk 0:38:39]}
0-1

[Event "DVM U16 2015"]
[Site "Lingen (Ems) GER"]
[Date "2015.12.27"]
[Round "1"]
[White "Zimmer, Raphael"]
[Black "Erlekam, Simon"]
[Result "1-0"]
[Termination "normal"]
[Board "2.3"]
[WhiteElo "2049"]
[BlackElo "1802"]
[WhiteClock "00:24:06"]
[BlackClock "00:09:45"]
[WhiteTeam "SF Sasbach"]
[BlackTeam "SK Gau-Algesheim"]
[PlyCount "51"]
[WhiteFideId "12978841"]
[BlackFideId "12921416"]
[EventCountry "GER"]
[EventRounds "7"]
[EventType "team-swiss"]
[EventDate "2015.12.26"]

1. e4 {[%clk 1:30:58]} c5 {[%clk 1:30:18]} 2. Nf3 {[%clk 1:31:22]} e6 {[%clk
1:28:44]} 3. d4 {[%clk 1:31:38]} cxd4 {[%clk 1:29:07]} 4. Nxd4 {[%clk 1:32:02]}
Nf6 {[%clk 1:28:13]} 5. Bd3 {[%clk 1:30:03]} Nc6 {[%clk 1:26:40]} 6. Nxc6
{[%clk 1:29:35]} bxc6 {[%clk 1:26:57]} 7. O-O {[%clk 1:29:38]} d5 {[%clk
1:26:54]} 8. Nd2 {[%clk 1:26:39]} Be7 {[%clk 1:19:54]} 9. Qe2 {[%clk 1:24:39]}
O-O {[%clk 1:16:48]} 10. Rd1 {[%clk 1:18:44]} Qc7 {[%clk 1:05:14]} 11. c4
{[%clk 1:14:49]} Bd6 {[%clk 0:56:03]} 12. g3 {[%clk 1:12:24]} d4 {[%clk
0:52:10]} 13. f4 {[%clk 1:07:18]} e5 {[%clk 0:52:08]} 14. f5 {[%clk 1:07:03]}
c5 {[%clk 0:49:06]} 15. Nf1 {[%clk 1:02:36]} Re8 {[%clk 0:32:13]} 16. g4 {[%clk
1:02:16]} Nd7 {[%clk 0:31:57]} 17. Ng3 {[%clk 1:01:18]} Nf8 {[%clk 0:30:11]}
18. Nh5 {[%clk 0:56:48]} Be7 {[%clk 0:24:56]} 19. Rf1 {[%clk 0:47:28]} g6
{[%clk 0:22:04]} 20. Ng3 {[%clk 0:47:00]} f6 {[%clk 0:20:09]} 21. g5 {[%clk
0:41:07]} Qd8 {[%clk 0:18:54]} 22. Qf3 {[%clk 0:36:51]} Kg7 {[%clk 0:16:03]}
23. fxg6 {[%clk 0:35:44]} hxg6 {[%clk 0:16:07]} 24. h4 {[%clk 0:28:27]} fxg5
25. Qf7+ {[%clk 0:27:38]} Kh6 {[%clk 0:09:45]} 26. Kf2 {[%clk 0:24:06]} 1-0

[Event "DVM U16 2015"]
[Site "Lingen (Ems) GER"]
[Date "2015.12.27"]
[Round "1"]
[White "Breitenbach, Justin"]
[Black "Schneider, Edward"]
[Result "0-1"]
[Termination "normal"]
[Board "2.4"]
[WhiteElo "1456"]
[BlackElo "1617"]
[WhiteClock "00:54:07"]
[BlackClock "00:45:45"]
[WhiteTeam "SK Gau-Algesheim"]
[BlackTeam "SF Sasbach"]
[PlyCount "38"]
[WhiteFideId "12971383"]
[BlackFideId "16200870"]
[EventCountry "GER"]
[EventRounds "7"]
[EventType "team-swiss"]
[EventDate "2015.12.26"]

1. e4 {[%clk 1:30:55]} e5 {[%clk 1:30:52]} 2. Nf3 {[%clk 1:31:18]} Nc6 {[%clk
1:31:15]} 3. Bc4 {[%clk 1:31:24]} Bc5 {[%clk 1:31:24]} 4. O-O {[%clk 1:31:02]}
Nf6 {[%clk 1:31:13]} 5. Nc3 {[%clk 1:31:05]} d6 {[%clk 1:29:11]} 6. h3 {[%clk
1:30:23]} h6 {[%clk 1:29:09]} 7. d3 {[%clk 1:30:39]} g5 {[%clk 1:28:20]} 8. Nh2
{[%clk 1:20:28]} Rg8 {[%clk 1:24:52]} 9. Nd5 {[%clk 1:17:54]} g4 {[%clk
1:13:54]} 10. Nxf6+ {[%clk 1:13:53]} Qxf6 {[%clk 1:12:49]} 11. Nxg4 {[%clk
1:10:18]} Bxg4 {[%clk 1:11:44]} 12. hxg4 {[%clk 1:10:10]} O-O-O {[%clk
1:06:20]} 13. c3 {[%clk 1:05:42]} Qh4 {[%clk 1:05:00]} 14. Qf3 {[%clk 1:04:20]}
Rxg4 {[%clk 1:02:30]} 15. Bxf7 {[%clk 1:02:27]} Kb8 {[%clk 0:50:49]} 16. Be6
{[%clk 1:01:24]} Rg3 {[%clk 0:49:42]} 17. Qe2 {[%clk 0:56:25]} Rg6 {[%clk
0:46:23]} 18. Bf5 {[%clk 0:56:00]} Rg7 {[%clk 0:45:45]} 19. g3 {[%clk 0:54:07]}
Rxg3# 0-1